| Tag |
First Indicator |
Second Indicator |
Subfields |
| LEADER |
00000cam a2200000 a 4500 |
| 001 |
in00000011699 |
| 005 |
20151007051658.0 |
| 008 |
880302s1987 ja a b 10110 eng d |
| 010 |
|
|
|a 87640337
|
| 020 |
|
|
|a 4274031888
|
| 035 |
|
|
|a (OCoLC)17566325
|
| 035 |
|
|
|9 AAA4244AM
|
| 040 |
|
|
|a NSA
|c NSA
|d TXA
|d UtOrBLW
|
| 049 |
|
|
|a TXAM
|v 1 [A12568574]
|v 2 [A12568582]
|v 3 [A12568590]
|
| 050 |
|
4 |
|a TK5101
|b .I105 1987
|
| 111 |
2 |
|
|a IEEE/IEICE Global Telecommunications Conference
|d (1987 :
|c Tokyo, Japan)
|
| 245 |
1 |
0 |
|a GLOBECOM Tokyo '87 :
|b Nov. 15-18, 1987, Tokyo, Japan /
|c sponsored by IEEE Communications Society (IEEE COMSOC) [and] Institute of Electronics, Information and Communication Engineers (IEICE) in cooperation with Foundation for Advancement of International Science (FAIS).
|
| 264 |
|
1 |
|a Tokyo, Japan :
|b Ohmsha, Ltd.,
|c [1987]
|
| 264 |
|
4 |
|c ©1987
|
| 300 |
|
|
|a 3 volumes :
|b illustrations ;
|c 30 cm.
|
| 336 |
|
|
|a text
|b txt
|2 rdacontent
|
| 337 |
|
|
|a unmediated
|b n
|2 rdamedia
|
| 338 |
|
|
|a volume
|b nc
|2 rdacarrier
|
| 500 |
|
|
|a Cover title: 1987 IEEE Globcom.
|
| 504 |
|
|
|a Includes bibliographical references and indexes.
|
| 650 |
|
0 |
|a Telecommunication
|v Congresses.
|
| 710 |
2 |
|
|a IEEE Communications Society.
|
| 710 |
2 |
|
|a Denshi Jōhō Tsūshin Gakkai (Japan)
|
| 710 |
2 |
|
|a Kokusai Kagaku Shinkō Zaidan (Japan)
|
| 740 |
0 |
|
|a 1987 IEEE Globcom.
|
| 999 |
|
|
|a MARS
|
| 999 |
f |
f |
|s 82036e06-8fef-3e06-85e6-8fcc5df35b13
|i 79a9f74b-50e0-3e21-b791-c6df7ff54ba6
|t 0
|
| 952 |
f |
f |
|p ric
|a Texas A&M University
|b Rellis Campus
|c Joint Library Facility
|d Remote Storage
|t 0
|e TK5101 .I105 1987
|h Library of Congress classification
|i unmediated -- volume
|k v.2
|m A14812568582
|
| 952 |
f |
f |
|p ric
|a Texas A&M University
|b Rellis Campus
|c Joint Library Facility
|d Remote Storage
|t 0
|e TK5101 .I105 1987
|h Library of Congress classification
|i unmediated -- volume
|k v.3
|m A14812568590
|
| 952 |
f |
f |
|p ric
|a Texas A&M University
|b Rellis Campus
|c Joint Library Facility
|d Remote Storage
|t 0
|e TK5101 .I105 1987
|h Library of Congress classification
|i unmediated -- volume
|k v.1
|m A14812568574
|
| 998 |
f |
f |
|a TK5101 .I105 1987
|s v.1-v.3
|t 0
|l Remote Storage
|